00501nam a2200181Ia 45000010005000000080041000050200018000460400013000640820021000771000016000982450055001142600009001693000011001785460007001899420007001969990017002039520099002209655140327s9999 xx 000 0 und d a0-582-48954-7 cPK-LaUMT a 306.0942bREA-P aReay, Barry aPopular cultures in England 1550-1750cReay, Barry c1998 a235 p. aEN cBK c10758d10758 00104070a01b01d2014-03-27l0o 306.0942 REA-Pp11349r2014-03-27 00:00:00w2014-03-27yBK